Opeth Songs - Statistics

General Stats
  • This quiz has been taken 52 times
  • The average score is 52 of 104
Answer Stats
Album Song % Correct
Blackwater Park (2001) Blackwater Park
92%
Deliverance (2002) Deliverance
87%
Ghost Reveries (2005) Ghost of Perdition
87%
Blackwater Park (2001) The Leper Affinity
87%
Blackwater Park (2001) Bleak
84%
Blackwater Park (2001) Harvest
84%
My Arms, Your Hearse (1998) When
84%
Damnation (2003) Windowpane
84%
Sorceress (2016) Sorceress
79%
Still Life (1999) The Moor
79%
Still Life (1999) Face of Melinda
74%
Ghost Reveries (2005) Reverie / Harlequin Forest
74%
Blackwater Park (2001) The Drapery Falls
74%
Damnation (2003) In My Time of Need
71%
Ghost Reveries (2005) The Baying of the Hounds
71%
Blackwater Park (2001) The Funeral Portrait
71%
Still Life (1999) Benighted
68%
Watershed (2008) Burden
68%
Damnation (2003) Closure
68%
Deliverance (2002) Master's Apprentices
68%
Blackwater Park (2001) Patterns In the Ivy
68%
Morningrise (1996) To Bid You Farewell
68%
Morningrise (1996) Black Rose Immortal
66%
Blackwater Park (2001) Dirge For November
66%
Ghost Reveries (2005) The Grand Conjuration
66%
Deliverance (2002) Wreath
66%
Morningrise (1996) Advent
63%
Watershed (2008) Coil
63%
My Arms, Your Hearse (1998) Demon of the Fall
63%
Still Life (1999) Godhead's Lament
63%
Watershed (2008) Hex Omega
63%
Ghost Reveries (2005) Isolation Years
61%
Still Life (1999) White Cluster
61%
Ghost Reveries (2005) Atonement
58%
My Arms, Your Hearse (1998) Credence
58%
Damnation (2003) Death Whispered a Lullaby
58%
Damnation (2003) Ending Credits
58%
Watershed (2008) Heir Apparent
58%
Still Life (1999) Moonlapse Vertigo
58%
Deliverance (2002) A Fair Judgement
55%
Ghost Reveries (2005) Beneath the Mire
55%
Deliverance (2002) By the Pain I See In Others
55%
Pale Communion (2014) Eternal Rains Will Come
55%
Damnation (2003) Hope Leaves
55%
Ghost Reveries (2005) Hours of Wealth
55%
Still Life (1999) Serenity Painted Death
55%
Watershed (2008) The Lotus Eater
55%
My Arms, Your Hearse (1998) April Ethereal
53%
Heritage (2011) Heritage
53%
Morningrise (1996) Nectar
53%
Watershed (2008) Porcelain Heart
53%
Damnation (2003) To Rid the Disease
53%
Deliverance (2002) For Absent Friends
50%
Orchid (1995) Forest of October
50%
Pale Communion (2014) Goblin
50%
Watershed (2008) Hessian Peel
50%
My Arms, Your Hearse (1998) Epilogue
47%
Orchid (1995) In Mist She Was Standing
47%
My Arms, Your Hearse (1998) Madrigal
47%
My Arms, Your Hearse (1998) Prologue
47%
My Arms, Your Hearse (1998) The Amen Corner
47%
Morningrise (1996) The Night and the Silent Water
47%
Damnation (2003) Weakness
47%
Pale Communion (2014) Cusp of Eternity
45%
My Arms, Your Hearse (1998) Karma
45%
Pale Communion (2014) Moon Above, Sun Below
45%
Orchid (1995) Requiem
45%
Orchid (1995) Under the Weeping Moon
45%
Pale Communion (2014) Faith In Others
42%
Sorceress (2016) Persephone
42%
Sorceress (2016) Sorceress 2
42%
Orchid (1995) The Apostle In Triumph
42%
Heritage (2011) The Devil's Orchard
42%
In cauda venenum (2019) Heart In Hand
39%
Pale Communion (2014) River
39%
Orchid (1995) Silhouette
39%
Orchid (1995) The Twilight Is My Robe
37%
Sorceress (2016) The Wilde Flowers
37%
Heritage (2011) Häxprocess
34%
Sorceress (2016) Era
32%
In cauda venenum (2019) Lovelorn Crime
32%
Sorceress (2016) Will o the Wisp
32%
In cauda venenum (2019) All Things Will Pass
26%
In cauda venenum (2019) Dignity
26%
Heritage (2011) Folklore
26%
In cauda venenum (2019) Garden of Earthly Delights
26%
In cauda venenum (2019) Charlatan
24%
In cauda venenum (2019) Continuum
24%
Heritage (2011) Nepenthe
24%
Sorceress (2016) Persephone (Slight Return)
24%
Heritage (2011) Slither
24%
In cauda venenum (2019) The Garroter
24%
In cauda venenum (2019) Universal Truth
24%
Pale Communion (2014) Voice of Treason
24%
Sorceress (2016) Chrysalis
21%
Heritage (2011) Famine
21%
Heritage (2011) Marrow of the Earth
21%
In cauda venenum (2019) Next of Kin
21%
Sorceress (2016) Strange Brew
21%
Heritage (2011) The Lines In My Hand
21%
Pale Communion (2014) Elysian Woes
18%
Sorceress (2016) The Seventh Sojourn
18%
Heritage (2011) I Feel the Dark
13%
Sorceress (2016) A Fleeting Glance
11%
No matching quizzes found
Score Distribution
Percent of People with Each Score
Percentile by Number Answered
Your Score History
You have not taken this quiz